Novisima gramática italiana / (Record no. 175876)

MARC details
000 -LEADER
campo de control de longitud fija 00612nam a22001815i 4500
001 - NÚMERO DE CONTROL
campo de control 175876
003 - IDENTIFICADOR DE NÚMERO DE CONTROL
campo de control ES-MaACL
005 - FECHA Y HORA DE LA ÚLTIMA TRANSACCIÓN
campo de control 20230906215933.0
008 - DATOS DE LONGITUD FIJA--INFORMACIÓN GENERAL
campo de control de longitud fija 101126s1958 sp |||| | spa d
080 ## - NÚMERO DE LA CLASIFICACIÓN DECIMAL UNIVERSAL
Número de la Clasificación Decimal Universal 811.131.1'36
100 1# - ENTRADA PRINCIPAL--NOMBRE DE PERSONA
Nombre de persona Petroccione, Alfredo.
9 (RLIN) 144096
245 10 - MENCIÓN DEL TÍTULO
Título Novisima gramática italiana /
Mención de responsabilidad, etc. Alfredo Petroccione.
260 ## - PUBLICACIÓN, DISTRIBUCIÓN, ETC.
Lugar de publicación, distribución, etc. Madrid :
Nombre del editor, distribuidor, etc. Editorial Románica,
Fecha de publicación, distribución, etc. [s.a.]-1958.
300 ## - DESCRIPCIÓN FÍSICA
Extensión 2 v. ;
Dimensiones 20 cm.
505 80 - NOTA DE CONTENIDO CON FORMATO
Nota de contenido con formato Contiene: I: Prosodia.- Ortografía.- Morfología.- II: Léxico.- Síntaxis.- Cultura
650 04 - PUNTO DE ACCESO ADICIONAL DE MATERIA--TÉRMINO DE MATERIA
Término de materia o nombre geográfico como elemento de entrada Lengua italiana-
Subdivisión general Gramática.
9 (RLIN) 14290
852 ## - LOCALIZACIÓN
Ubicación ES-MaACL
Número de control de estantería E-13698-99
Holdings
Estatus retirado Estado de pérdida Estado de daño No para préstamo Biblioteca de origen Biblioteca actual Ubicación en estantería Fecha de adquisición Fuente de adquisición Total de préstamos Signatura topográfica completa Código de barras Visto por última vez Precio de reemplazo Tipo de ítem Koha
        Biblioteca del Ateneo de Madrid Biblioteca del Ateneo de Madrid Depósito 2 26/11/2010     E-13698-99 1184691 23/02/2023 23/02/2023 Libro impreso